|
|
|
|
| LEADER |
00000nam a22000007a 4500 |
| 005 |
20210616231526.0 |
| 007 |
cr|||| |||| |
| 008 |
210616s2017 br |||||s|||| 00||0 por d |
| 020 |
|
|
|a 978-85-8310-088-1
|
| 035 |
|
|
|a 33307
|
| 040 |
|
|
|a vLex
|
| 090 |
|
|
|c 11797
|d 11797
|
| 100 |
1 |
|
|a Correia Fuso, Rafael
|
| 245 |
1 |
0 |
|a Tributaȯ̂ das securitizadoras de tt̕ulos e valores mobilir̀ios
|h [Recurso electrn̤ico] /
|c Rafael Correia Fuso
|
| 256 |
|
|
|a Servicio en ln̕ea
|
| 260 |
|
|
|a San Pablo:
|b Editora Noeses,
|c 2017
|
| 300 |
|
|
|a 1 recurso electrn̤ico
|
| 500 |
|
|
|a A obra investiga os regimes tributr̀ios de apuraȯ̂ pelo lucro real e lucro presumido, que compe̳m a base de cl̀culo do Imposto sobre a Renda da Pessoa Jurd̕ica e da Contribuiȯ̂ Social sobre o Lucro Lq̕uido, interferindo tambm̌ na sistemt̀ica de recolhimento das Contribuiė̳s ao PIS e ̉Cofins (regime cumulativo e regime nô cumulativo), de forma a sustentar a faculdade das securitizadoras de tt̕ulos e valores mobilir̀ios a se submeterem, desde que atendidas as regras de exceȯ̂ dispostas no art. 14 da Lei 9.718/98, a ambos os regimes, nô estando obrigada ao regime de apuraȯ̂ e recolhimento de tributos pelo lucro real, nos termos do inciso VI do referido artigo, como entendeu a Receita Federal do Brasil na ediȯ̂ do Parecer Normativo 5/2014.
|
| 506 |
1 |
|
|a Disponible solo en los productos indicados
|d vLex Global
|d vLex Global (Academic Edition, excluding Law Schools)
|d vLex Global (U.S. Academic Edition, Law Schools)
|d vLex Global (U.S. Academic Edition, excluding Law Schools)
|d vLex Global (Academic Edition, Law Schools)
|
| 650 |
0 |
4 |
|a Derecho Tributario
|z Brasil
|
| 740 |
0 |
|
|a vLex Libros (Servicio en ln̕ea)
|
| 856 |
4 |
0 |
|u https://vlex.com/source/tributa-o-das-securitizadoras-de-titulos-e-valores-mobiliarios-33307
|z Acceso restringido
|
| 942 |
|
|
|c BOOK
|
| 999 |
0 |
|
|a Tax Law
|